000 00637nam a2200229Ia 4500
003 OSt
005 20220928114850.0
006 a|||||r|||| 00| 0
007 ta
008 220927b |||||||| |||| 00| 0 eng d
024 _a47285
037 _cTextual
040 _aSDCL
_cSDCL
_beng
041 _2eng
_aeng
082 _aV3:1953,(zM)'L6, L6
100 _aHaswell Jock
_9441601
245 0 _aBattle for empire
_b A century of Anglo-French conflict
260 _aLondon
_bCassell
_c1976
300 _ax,310p
_ccm.
942 _hV3:1953,(zM)'L6, L6
_cTEXL
_2CC
999 _c756993
_d756993